[Event "SR 1. liga zapad 2013/2014"]
[Site "?"]
[Date "2013.11.17"]
[Round "23.8"]
[White "Hlubovic, Michal"]
[Black "Zelovic, Marek"]
[Result "0-1"]
[WhiteElo "1782"]
[BlackElo "2036"]
[PlyCount "74"]
[EventDate "2013.??.??"]
[WhiteTeam "SK Modra"]
[BlackTeam "NSK Nitra"]

1. f4 d5 2. b3 c5 3. Nf3 Nc6 4. e3 Bg4 5. Be2 Nf6 6. Bb2 e6 7. O-O Be7 8. d3
O-O 9. Nbd2 b5 10. a3 Qb6 11. h3 Bxf3 12. Nxf3 d4 13. e4 c4 14. Qe1 c3 15. Bc1
Nxe4 16. dxe4 d3+ 17. Kh1 dxe2 18. Qxe2 Rfd8 19. b4 a5 20. Be3 Qb7 21. Bc5 Bxc5
22. bxc5 Nd4 23. Nxd4 Rxd4 24. Rab1 b4 25. Rfe1 Qc6 26. axb4 axb4 27. Ra1 Rxa1
28. Rxa1 h6 29. Ra5 Rxe4 30. Qb5 Re1+ 31. Kh2 Qe4 32. Qe8+ Kh7 33. Qxf7 Re2 34.
Kg3 Rxg2+ 35. Kh4 Qe1+ 36. Kh5 Qe2+ 37. Kh4 Rg4+ 0-1

[Event "SR 1. liga zapad 2013/2014"]
[Site "?"]
[Date "2013.11.17"]
[Round "24.1"]
[White "Gazik, Igor"]
[Black "Smolen, Jan"]
[Result "0-1"]
[WhiteElo "2321"]
[BlackElo "2384"]
[PlyCount "88"]
[EventDate "2013.??.??"]
[WhiteTeam "SK Prievidza"]
[BlackTeam "SK Strelec Devinska Nova Ves"]

1. e4 e6 2. d4 d5 3. Nc3 Bb4 4. e5 c5 5. a3 Bxc3+ 6. bxc3 Ne7 7. Qg4 cxd4 8.
Bd3 Qc7 9. Ne2 dxc3 10. Qxg7 Rg8 11. Qh6 Qxe5 12. Bxh7 Rxg2 13. Bf4 Qg7 14. Ng3
Qxh6 15. Bxh6 e5 16. h3 Nbc6 17. Rb1 Be6 18. Bd3 O-O-O 19. Bg5 f6 20. Bc1 Nd4
21. Be3 Ndf5 22. Nxf5 Bxf5 23. Bc5 Bxd3 24. Bxe7 Re8 25. Bb4 Bxc2 26. Rc1 Be4
27. Rxc3+ Kd7 28. Rf1 d4 29. Rg3 Rc8 30. Bd2 Ke6 31. Rg1 Rxg1+ 32. Rxg1 Rh8 33.
Rg3 Bf5 34. Rg7 Rxh3 35. Rxb7 Rxa3 36. Bb4 Ra1+ 37. Kd2 Be4 38. Re7+ Kf5 39.
Bc5 Ra2+ 40. Ke1 Bf3 41. Rxa7 Re2+ 42. Kf1 Rc2 43. Bb4 Rc1+ 44. Be1 d3 0-1

[Event "SR 1. liga zapad 2013/2014"]
[Site "?"]
[Date "2013.11.17"]
[Round "24.2"]
[White "Peitl, Tomas"]
[Black "Dobrotka, Martin"]
[Result "1-0"]
[WhiteElo "2207"]
[BlackElo "2218"]
[PlyCount "47"]
[EventDate "2013.??.??"]
[WhiteTeam "SK Strelec Devinska Nova Ves"]
[BlackTeam "SK Prievidza"]

1. e4 c5 2. Nf3 Nc6 3. d4 cxd4 4. Nxd4 e5 5. Nb5 a6 6. Nd6+ Bxd6 7. Qxd6 Qe7 8.
Qd1 d6 9. c4 Be6 10. Nc3 Rc8 11. b3 Nf6 12. Bd3 h6 13. f3 O-O 14. Be3 Nd7 15.
Qd2 Nc5 16. Bc2 Nd4 17. Bb1 Nc6 18. O-O Rcd8 19. Rd1 Qh4 20. Nd5 Rd7 21. b4 Na4
22. Qc2 Nd4 23. Bxd4 exd4 24. Qxa4 1-0

[Event "SR 1. liga zapad 2013/2014"]
[Site "?"]
[Date "2013.11.17"]
[Round "24.3"]
[White "Kaniansky, Miroslav"]
[Black "Sosovicka, Juraj"]
[Result "1/2-1/2"]
[WhiteElo "2203"]
[BlackElo "2188"]
[PlyCount "33"]
[EventDate "2013.??.??"]
[WhiteTeam "SK Prievidza"]
[BlackTeam "SK Strelec Devinska Nova Ves"]

1. d4 d5 2. Nf3 Nf6 3. c4 e6 4. Nc3 Be7 5. Bg5 O-O 6. e3 h6 7. Bh4 b6 8. Be2
Bb7 9. cxd5 Nxd5 10. Bxe7 Qxe7 11. O-O Nd7 12. Rc1 c5 13. Nxd5 Bxd5 14. Bc4
Bxf3 15. gxf3 Rfd8 16. dxc5 Nxc5 17. Qe2 1/2-1/2

[Event "SR 1. liga zapad 2013/2014"]
[Site "?"]
[Date "2013.11.17"]
[Round "24.4"]
[White "Sosovicka, Matej"]
[Black "Lakatos, Vladimir"]
[Result "1-0"]
[WhiteElo "2098"]
[BlackElo "2158"]
[PlyCount "65"]
[EventDate "2013.??.??"]
[WhiteTeam "SK Strelec Devinska Nova Ves"]
[BlackTeam "SK Prievidza"]

1. e4 c5 2. Nf3 e6 3. d4 cxd4 4. Nxd4 a6 5. c4 Nf6 6. Nc3 Bb4 7. Bd3 Nc6 8. a3
Bxc3+ 9. bxc3 Qa5 10. O-O Qxc3 11. Nxc6 dxc6 12. Rb1 Qa5 13. Bd2 Qc7 14. f4 e5
15. Kh1 O-O 16. Qf3 Nd7 17. f5 c5 18. g4 f6 19. Rg1 Rf7 20. Rg2 Nf8 21. g5 fxg5
22. Bxg5 Bd7 23. Rbg1 Qd6 24. Bc2 Bc6 25. Rd1 Qc7 26. Qh5 Be8 27. Qh4 Rd7 28.
Rxd7 Qxd7 29. Be7 Qc6 30. Qg5 g6 31. Qh6 Nd7 32. f6 Nxf6 33. Qf8# 1-0

[Event "SR 1. liga zapad 2013/2014"]
[Site "?"]
[Date "2013.11.17"]
[Round "24.5"]
[White "Pinter, Patrik"]
[Black "Oprea, Erik"]
[Result "0-1"]
[WhiteElo "2162"]
[BlackElo "2130"]
[PlyCount "128"]
[EventDate "2013.??.??"]
[WhiteTeam "SK Prievidza"]
[BlackTeam "SK Strelec Devinska Nova Ves"]

1. e4 e5 2. Nf3 Nc6 3. Bb5 a6 4. Ba4 Bc5 5. c3 b5 6. Bb3 Nf6 7. d3 d5 8. Nbd2
d4 9. Qe2 Qd6 10. a4 Bb7 11. axb5 axb5 12. Rxa8+ Bxa8 13. O-O O-O 14. Nh4 g6
15. Ndf3 Kg7 16. h3 Bb7 17. Nh2 Bc8 18. Ng4 Nxg4 19. hxg4 Be6 20. Bc2 Qd7 21.
g5 Bg4 22. Qd2 Ra8 23. Kh2 Ra2 24. f3 Be6 25. Qd1 Ra1 26. Qe2 Ra2 27. Bb1 Ra1
28. Bd2 Bb3 29. f4 exf4 30. Bxf4 Bd6 31. g3 b4 32. cxb4 Nxb4 33. Qf2 c5 34. Ng2
Bxf4 35. Qxf4 Qe7 36. Kg1 Ra6 37. Qd2 Qe5 38. Qf4 Qxf4 39. Nxf4 Ra1 40. Kf2 h6
41. gxh6+ Kxh6 42. Nh3 Ba4 43. Ke2 Bb3 44. Nf2 Kg5 45. Re1 f5 46. exf5 gxf5 47.
Kd2 Bd5 48. Rc1 Bb3 49. Re1 Nd5 50. Rc1 Ne3 51. Re1 Ra8 52. Rh1 Re8 53. Rc1 Re7
54. Rh1 Rb7 55. Re1 Rh7 56. Rh1 Rxh1 57. Nxh1 Kg4 58. Ke2 Bd1+ 59. Ke1 Bb3 60.
Ke2 Bd5 61. Nf2+ Kxg3 62. Ke1 Bb3 63. Ke2 Kg2 64. Ke1 Ng4 0-1

[Event "SR 1. liga zapad 2013/2014"]
[Site "?"]
[Date "2013.11.17"]
[Round "24.6"]
[White "Hricak, Vasil"]
[Black "Hanko, Pavol"]
[Result "1-0"]
[WhiteElo "2118"]
[BlackElo "2141"]
[PlyCount "75"]
[EventDate "2013.??.??"]
[WhiteTeam "SK Strelec Devinska Nova Ves"]
[BlackTeam "SK Prievidza"]

1. e4 c5 2. d4 cxd4 3. c3 Nf6 4. e5 Nd5 5. cxd4 d6 6. exd6 e6 7. Nc3 Nxc3 8.
bxc3 Bxd6 9. Nf3 Nc6 10. Bd3 Qa5 11. Bd2 Qh5 12. Rb1 a6 13. h3 O-O 14. Qc2 e5
15. d5 Ne7 16. c4 Bc5 17. Bb4 Bxb4+ 18. Rxb4 Ng6 19. Bxg6 hxg6 20. Qe4 g5 21.
O-O f6 22. c5 Re8 23. Qe3 a5 24. Rb6 g4 25. hxg4 Qxg4 26. Nd2 f5 27. Rc1 e4 28.
f4 Rd8 29. d6 Ra7 30. Nc4 Be6 31. Ne5 Qh5 32. a3 Qe8 33. Rcb1 Bd5 34. Qg3 Bc6
35. Ng6 Qe6 36. Ne7+ Kf7 37. Qg5 g6 38. Nxc6 1-0

[Event "SR 1. liga zapad 2013/2014"]
[Site "?"]
[Date "2013.11.17"]
[Round "24.7"]
[White "Detko, Jan"]
[Black "Prikler, Bruno"]
[Result "1-0"]
[WhiteElo "2162"]
[BlackElo "2090"]
[PlyCount "223"]
[EventDate "2013.??.??"]
[WhiteTeam "SK Prievidza"]
[BlackTeam "SK Strelec Devinska Nova Ves"]

1. e4 d6 2. f4 g6 3. Nf3 Bg7 4. d4 Nf6 5. Bd3 O-O 6. Be3 a6 7. c3 Nbd7 8. f5 c5
9. Qd2 Re8 10. O-O b5 11. Bh6 Bh8 12. Qg5 Bb7 13. Nbd2 cxd4 14. cxd4 e5 15.
fxe6 Rxe6 16. Rae1 Nh5 17. Qg4 Qe8 18. Qh3 Bg7 19. Bxg7 Kxg7 20. Ng5 Rf6 21.
Rxf6 Nhxf6 22. Qg3 Qe7 23. Ngf3 Nh5 24. Qf2 Rd8 25. Kh1 h6 26. Bc2 Nf4 27. Qg3
Nh5 28. Qf2 Rc8 29. Bb3 Nf4 30. Qe3 Ne6 31. Rf1 Nf6 32. h3 a5 33. a3 Nh5 34.
Kh2 a4 35. Bd1 Nf8 36. e5 dxe5 37. dxe5 Ne6 38. Nd4 Nxd4 39. Qxd4 Rd8 40. Qe3
Qg5 41. Qxg5 hxg5 42. Nf3 Bxf3 43. Bxf3 Rd2 44. Rb1 Nf4 45. Bc6 Kh6 46. Bxb5
Rxg2+ 47. Kh1 Rg3 48. Bxa4 Rxh3+ 49. Kg1 g4 50. Bd7 Re3 51. Bc6 g3 52. b4 Rxa3
53. b5 Ne6 54. b6 Nd8 55. Bd5 Ra5 56. Bxf7 Rxe5 57. b7 Nxb7 58. Rxb7 Rf5 59.
Kg2 Rg5 60. Bg8 Rc5 61. Kxg3 Kg5 62. Rb6 Rc3+ 63. Kf2 Rc5 64. Bh7 Rf5+ 65. Kg3
Rf6 66. Rb4 Rd6 67. Bg8 Rd3+ 68. Kf2 Rd6 69. Ke3 Kf6 70. Kf4 Ra6 71. Bc4 Rd6
72. Ke4 g5 73. Rb5 Kg6 74. Kf3 Rd4 75. Rb6+ Kf5 76. Be2 Rd5 77. Kg3 Rc5 78.
Bg4+ Ke5 79. Rg6 Ke4 80. Bd7 Rc1 81. Re6+ Kd5 82. Re2 Kd6 83. Bh3 Rc4 84. Re6+
Kc7 85. Re5 Rc3+ 86. Kg4 Rc1 87. Kxg5 Kd6 88. Kf6 Rg1 89. Bf5 Rh1 90. Re3 Rh6+
91. Bg6 Kd5 92. Rd3+ Kc4 93. Rd6 Kc5 94. Rd8 Kc6 95. Rg8 Kd6 96. Kf5 Rh2 97.
Rd8+ Ke7 98. Rd4 Rf2+ 99. Ke5 Rg2 100. Bf5 Re2+ 101. Be4 Rh2 102. Rb4 Rh5+ 103.
Bf5 Rh2 104. Rb7+ Kd8 105. Be6 Rd2 106. Bd5 Ke8 107. Ra7 Rf2 108. Be6 Re2+ 109.
Kd6 Rd2+ 110. Bd5 Kf8 111. Rf7+ Ke8 112. Rg7 1-0

[Event "SR 1. liga zapad 2013/2014"]
[Site "?"]
[Date "2013.11.17"]
[Round "24.8"]
[White "Szollos, Ondrej"]
[Black "Reisel, Frantisek"]
[Result "1-0"]
[WhiteElo "1983"]
[BlackElo "1984"]
[PlyCount "109"]
[EventDate "2013.??.??"]
[WhiteTeam "SK Strelec Devinska Nova Ves"]
[BlackTeam "SK Prievidza"]

1. Nf3 d5 2. c3 Nf6 3. d3 c5 4. Qc2 Nc6 5. e4 e5 6. Be2 Be7 7. Nbd2 O-O 8. Nf1
d4 9. Ng3 Ne8 10. O-O Nd6 11. cxd4 cxd4 12. Bd2 Be6 13. Rfc1 h6 14. h3 Qd7 15.
Nh2 Rac8 16. Qd1 f5 17. exf5 Nxf5 18. Ne4 b6 19. Nf3 Nd6 20. Ng3 Bd5 21. Nh2
Bh4 22. Bg4 Qf7 23. Nf3 Rcd8 24. Nxh4 Qxf2+ 25. Kh2 e4 26. Be1 Qf4 27. Ng6 Qg5
28. Nxf8 Rxf8 29. dxe4 Nxe4 30. Nxe4 Bxe4 31. Qe2 Qg6 32. Bg3 d3 33. Qe3 Nb4
34. Rf1 Re8 35. Rad1 Bxg2 36. Qd4 Bxf1 37. Rxf1 Nc2 38. Qd5+ Kh8 39. Bh5 Re2+
40. Rf2 Rxf2+ 41. Bxf2 Qf6 42. Kg2 Qxb2 43. Qd8+ Kh7 44. Qxd3+ Kh8 45. Qd8+ Kh7
46. Qe8 Qf6 47. Qe4+ g6 48. Qxc2 Qg5+ 49. Bg4 h5 50. Qc7+ Kg8 51. Qc8+ Kh7 52.
Qd7+ Kg8 53. Qe8+ Kh7 54. Qf7+ Kh6 55. Qg8 1-0

[Event "SR 1. liga zapad 2013/2014"]
[Site "?"]
[Date "2013.12.14"]
[Round "25.1"]
[White "Lanc, Alois"]
[Black "Pagerka, Martin"]
[Result "0-1"]
[WhiteElo "2355"]
[BlackElo "2224"]
[PlyCount "131"]
[EventDate "2013.??.??"]
[WhiteTeam "Lokomotiva Trnava"]
[BlackTeam "SK Osuske"]

1. e4 c6 2. d4 d5 3. Nc3 dxe4 4. Nxe4 Bf5 5. Ng3 Bg6 6. h4 h6 7. Nf3 Nd7 8. h5
Bh7 9. Bd3 Bxd3 10. Qxd3 Ngf6 11. Bd2 e6 12. O-O-O Qc7 13. Ne4 O-O-O 14. g3
Nxe4 15. Qxe4 Nf6 16. Qe2 Bd6 17. Kb1 Qb6 18. c4 c5 19. Rc1 Qc7 20. Bc3 Rhe8
21. Ka1 Bf8 22. Qc2 Nd7 23. Rhd1 f6 24. dxc5 Qxc5 25. b4 Qxh5 26. Nd4 e5 27.
Nb3 Nb8 28. Rd5 Nc6 29. Nc5 Bxc5 30. Rxc5 Kb8 31. Rd5 Ne7 32. Rxd8+ Rxd8 33. b5
Qf5 34. Qb2 Qe6 35. Bb4 Nf5 36. c5 Rd4 37. c6 Rc4 38. Bc3 Nd4 39. Qa3 Nxb5 40.
Qf8+ Kc7 41. cxb7 Kxb7 42. Rb1 a6 43. Bb2 Qd7 44. f4 exf4 45. gxf4 Rxf4 46. Re1
Re4 47. Rg1 Re7 48. Rb1 Qe8 49. Qxe8 Rxe8 50. a4 Re4 51. Rg1 Rxa4+ 52. Kb1 g5
53. Bxf6 Rh4 54. Kc2 Rh3 55. Rg4 Nd6 56. Rb4+ Kc6 57. Ra4 Kb5 58. Rd4 Nc4 59.
Bd8 a5 60. Be7 Ne3+ 61. Kd2 g4 62. Re4 Nc4+ 63. Ke2 h5 64. Kf2 a4 65. Rd4 Rf3+
66. Kg1 0-1

[Event "SR 1. liga zapad 2013/2014"]
[Site "?"]
[Date "2013.12.14"]
[Round "25.2"]
[White "Jozefek, Michal"]
[Black "Banas, Jan"]
[Result "1/2-1/2"]
[WhiteElo "2168"]
[BlackElo "2293"]
[PlyCount "59"]
[EventDate "2013.??.??"]
[WhiteTeam "SK Osuske"]
[BlackTeam "Lokomotiva Trnava"]

1. d4 Nf6 2. c4 g6 3. Nc3 d5 4. cxd5 Nxd5 5. e4 Nxc3 6. bxc3 Bg7 7. Bc4 c5 8.
Ne2 O-O 9. Be3 Nc6 10. O-O Na5 11. Bd3 b6 12. Rc1 cxd4 13. cxd4 e6 14. Qd2 Bb7
15. Rfd1 Rc8 16. Bh6 Qe7 17. Bxg7 Kxg7 18. Qf4 Nc6 19. Bb1 Rfd8 20. e5 Nb4 21.
Rxc8 Rxc8 22. Ng3 Nd5 23. Qg4 Nc3 24. Rc1 Nxb1 25. Rxb1 Qa3 26. Qg5 Qd3 27.
Nh5+ Kf8 28. Qh6+ Ke7 29. Qg5+ Kf8 30. Qh6+ 1/2-1/2

[Event "SR 1. liga zapad 2013/2014"]
[Site "?"]
[Date "2013.12.14"]
[Round "25.3"]
[White "Vass, Frantisek"]
[Black "Bury, Rastislav"]
[Result "1/2-1/2"]
[WhiteElo "2283"]
[BlackElo "2120"]
[PlyCount "50"]
[EventDate "2013.??.??"]
[WhiteTeam "Lokomotiva Trnava"]
[BlackTeam "SK Osuske"]

1. d4 Nf6 2. Bg5 Ne4 3. h4 c5 4. dxc5 Qa5+ 5. Nd2 e6 6. c3 Nxg5 7. hxg5 Qxc5 8.
g6 fxg6 9. Qc2 Qf5 10. e4 Qf6 11. e5 Qxe5+ 12. Be2 Nc6 13. Rxh7 Rxh7 14. Qxg6+
Kd8 15. Qxh7 d5 16. Ngf3 Qf6 17. Qh2 Kd7 18. O-O-O Bd6 19. Qh5 Kc7 20. Nb3 Bd7
21. Kb1 Qh6 22. Qxh6 gxh6 23. Nbd4 Nxd4 24. Nxd4 Rf8 25. f3 a6 1/2-1/2

[Event "SR 1. liga zapad 2013/2014"]
[Site "?"]
[Date "2013.12.14"]
[Round "25.4"]
[White "Kimerling, Martin"]
[Black "Lukac, Roman"]
[Result "0-1"]
[WhiteElo "2109"]
[BlackElo "2110"]
[PlyCount "82"]
[EventDate "2013.??.??"]
[WhiteTeam "SK Osuske"]
[BlackTeam "Lokomotiva Trnava"]

1. d4 Nf6 2. c4 c5 3. d5 e6 4. Nc3 exd5 5. cxd5 d6 6. e4 g6 7. f4 Bg7 8. Bb5+
Nfd7 9. a4 O-O 10. Nf3 Re8 11. O-O a6 12. Bd3 Nf6 13. Qb3 Nbd7 14. e5 dxe5 15.
fxe5 Nxe5 16. Nxe5 Rxe5 17. Bf4 Ng4 18. h3 Nh6 19. Ne4 Qxd5 20. Bc4 Qxe4 21.
Bxf7+ Kh8 22. Bxe5 Bxe5 23. Rae1 Qd4+ 24. Kh1 Nf5 25. Rf3 b5 26. Qd5 Ng3+ 27.
Rxg3 Bxg3 28. Qxa8 Bxe1 29. Qxc8+ Kg7 30. Qg8+ Kh6 31. Qe8 Bg3 32. Qe2 c4 33.
axb5 axb5 34. Be8 b4 35. Bb5 c3 36. bxc3 Qxc3 37. Ba4 b3 38. Qd1 b2 39. Bc2 Qe3
40. h4 Qf4 41. Kg1 Qc1 0-1

[Event "SR 1. liga zapad 2013/2014"]
[Site "?"]
[Date "2013.12.14"]
[Round "25.5"]
[White "Szitkey, Milan"]
[Black "Jablonicky, Martin"]
[Result "1-0"]
[WhiteElo "2149"]
[BlackElo "1967"]
[PlyCount "85"]
[EventDate "2013.??.??"]
[WhiteTeam "Lokomotiva Trnava"]
[BlackTeam "SK Osuske"]

1. e4 c5 2. Nf3 Nc6 3. c3 Nf6 4. e5 Nd5 5. d4 cxd4 6. cxd4 e6 7. Nc3 d6 8. exd6
Bxd6 9. Bd3 Qe7 10. O-O Nxc3 11. bxc3 e5 12. Re1 Bg4 13. d5 Nb8 14. Qa4+ Bd7
15. Qb3 Bc8 16. Nxe5 Bxe5 17. f4 Nd7 18. fxe5 O-O 19. Ba3 Qg5 20. e6 Ne5 21.
Rxe5 Qxe5 22. Bxf8 Qe3+ 23. Kh1 Qxd3 24. Ba3 fxe6 25. dxe6 Qe4 26. e7+ Be6 27.
Rf1 h6 28. Rf8+ Kh7 29. Qd1 Bd5 30. Qf1 Qg4 31. Qf5+ Qxf5 32. Rxf5 Bc6 33. Rf8
Re8 34. Kg1 a5 35. Kf2 a4 36. Ke3 g6 37. Kd4 Kg7 38. Ke5 h5 39. g3 Bb5 40. c4
Bc6 41. Ke6 g5 42. Kf5 Kh6 43. Kf6 1-0

[Event "SR 1. liga zapad 2013/2014"]
[Site "?"]
[Date "2013.12.14"]
[Round "25.6"]
[White "Jablonicky, Frantisek"]
[Black "Miklas, Marian"]
[Result "1-0"]
[WhiteElo "2146"]
[BlackElo "2102"]
[PlyCount "51"]
[EventDate "2013.??.??"]
[WhiteTeam "SK Osuske"]
[BlackTeam "Lokomotiva Trnava"]

1. g3 g6 2. f4 Bg7 3. Nf3 c5 4. e4 Nc6 5. Bg2 e6 6. O-O Nge7 7. c3 O-O 8. Na3
d5 9. d3 Rb8 10. e5 b5 11. Nc2 b4 12. c4 Qb6 13. b3 f6 14. Qe2 fxe5 15. fxe5
dxc4 16. dxc4 Bb7 17. Bg5 h6 18. Bf6 Bxf6 19. exf6 Rxf6 20. Ne5 Nxe5 21. Rxf6
Bxg2 22. Qxe5 Bh3 23. Ne3 Rf8 24. Rd1 Rxf6 25. Qxf6 Qc7 26. g4 1-0

[Event "SR 1. liga zapad 2013/2014"]
[Site "?"]
[Date "2013.12.14"]
[Round "25.8"]
[White "Pericka, Tomas"]
[Black "Puskar, Peter"]
[Result "1/2-1/2"]
[WhiteElo "1994"]
[BlackElo "2063"]
[PlyCount "112"]
[EventDate "2013.??.??"]
[WhiteTeam "SK Osuske"]
[BlackTeam "Lokomotiva Trnava"]

1. e4 c5 2. Nf3 d6 3. Bb5+ Bd7 4. Qe2 Nc6 5. c3 g6 6. O-O Bg7 7. Rd1 a6 8. Bxc6
Bxc6 9. d4 cxd4 10. cxd4 Nf6 11. Nc3 O-O 12. Bg5 d5 13. Bxf6 exf6 14. Nxd5 Bxd5
15. exd5 Qxd5 16. b3 f5 17. Qc4 Rad8 18. Rac1 Rd7 19. Qxd5 Rxd5 20. Rc7 Rfd8
21. Rxb7 Bxd4 22. Nxd4 Rxd4 23. Rxd4 Rxd4 24. Kf1 Rd2 25. a4 Rb2 26. b4 a5 27.
b5 Ra2 28. Ra7 Rxa4 29. Ke2 Ra3 30. Kd2 a4 31. b6 Rb3 32. b7 Kg7 33. Kc2 Kf6
34. f4 h5 35. g3 Kg7 36. h4 Kf6 37. Ra6+ Ke7 38. Ra7 Kd8 39. b8=Q+ Rxb8 40.
Rxa4 Kd7 41. Ra3 Kc6 42. Kd3 Kc5 43. Ke3 Rb7 44. Rd3 Kc4 45. Rd8 Re7+ 46. Kf3
Kc5 47. Rd1 Kc6 48. Rd3 Kc7 49. Rd2 f6 50. Rd5 Rd7 51. Rc5+ Kd6 52. Rc8 Ke6 53.
Ra8 Kf7 54. Ra5 Kg7 55. Rb5 Rd3+ 56. Kf2 Ra3 1/2-1/2

[Event "SR 1. liga zapad 2013/2014"]
[Site "?"]
[Date "2013.12.14"]
[Round "26.1"]
[White "Motuz, Karol"]
[Black "Vojtek, Vladimir"]
[Result "0-1"]
[WhiteElo "2305"]
[BlackElo "2281"]
[PlyCount "92"]
[EventDate "2013.??.??"]
[WhiteTeam "SKS Povazska Bystrica"]
[BlackTeam "SKS Dubnica n/Vahom B"]

1. b3 e5 2. Bb2 d6 3. e3 Nf6 4. c4 g6 5. Nf3 Bg7 6. d4 exd4 7. Nxd4 O-O 8. Be2
Ne4 9. Nc3 Nxc3 10. Bxc3 Nc6 11. O-O Qg5 12. Nf3 Qe7 13. Qd2 a5 14. Nd4 Nxd4
15. exd4 a4 16. b4 a3 17. Rfe1 Qh4 18. Bf3 c6 19. d5 Bd7 20. Re4 Qh6 21. Qxh6
Bxh6 22. Re7 Rad8 23. h4 cxd5 24. Bxd5 Bc6 25. Rb1 Rde8 26. Rxe8 Rxe8 27. Rb3
Bxd5 28. cxd5 Bg7 29. Bxg7 Re1+ 30. Kh2 Kxg7 31. Rxa3 Re4 32. Ra4 Rxh4+ 33. Kg3
Rd4 34. a3 Rxd5 35. Ra7 b5 36. f3 Kf6 37. Rb7 h5 38. Kh4 Ke6 39. f4 f6 40. g4
hxg4 41. Kxg4 Rd3 42. Rxb5 Rxa3 43. Rb8 f5+ 44. Kg5 Rg3+ 45. Kh6 Kf7 46. b5
Rh3+ 0-1

[Event "SR 1. liga zapad 2013/2014"]
[Site "?"]
[Date "2013.12.14"]
[Round "26.3"]
[White "Chovanec, Milan"]
[Black "Podoba, Milan"]
[Result "1-0"]
[WhiteElo "2147"]
[BlackElo "2132"]
[PlyCount "77"]
[EventDate "2013.??.??"]
[WhiteTeam "SKS Povazska Bystrica"]
[BlackTeam "SKS Dubnica n/Vahom B"]

1. e4 e6 2. Nc3 d5 3. Nf3 Nf6 4. e5 Nfd7 5. d4 c5 6. dxc5 Nc6 7. Bf4 Bxc5 8.
Bd3 f6 9. exf6 Nxf6 10. O-O O-O 11. Qd2 Nh5 12. Bg5 Be7 13. Bxe7 Qxe7 14. Rfe1
Qf6 15. Bf1 Bd7 16. Rad1 Rad8 17. Qe3 g6 18. Rd2 Ng7 19. Ne5 Nxe5 20. Qxe5 Qxe5
21. Rxe5 Rf5 22. Rxf5 Nxf5 23. Bd3 Nd6 24. f4 Rc8 25. Ne2 Bb5 26. Nd4 Bxd3 27.
Rxd3 Kf7 28. Kf2 Nf5 29. c3 Nxd4 30. Rxd4 Kf6 31. Kf3 Rc4 32. Rxc4 dxc4 33. Ke4
b5 34. g3 a6 35. h3 h6 36. a3 g5 37. fxg5+ hxg5 38. h4 gxh4 39. gxh4 1-0

[Event "SR 1. liga zapad 2013/2014"]
[Site "?"]
[Date "2013.12.14"]
[Round "26.4"]
[White "Lazo, Juraj"]
[Black "Jakubek, Peter"]
[Result "0-1"]
[WhiteElo "2138"]
[BlackElo "2140"]
[PlyCount "66"]
[EventDate "2013.??.??"]
[WhiteTeam "SKS Dubnica n/Vahom B"]
[BlackTeam "SKS Povazska Bystrica"]

1. d4 d5 2. c4 dxc4 3. Nc3 Nf6 4. e3 e6 5. Bxc4 c5 6. Nf3 Nc6 7. O-O cxd4 8.
exd4 Be7 9. a3 O-O 10. Be3 Nd5 11. Bxd5 exd5 12. Qb3 Be6 13. Qxb7 Na5 14. Qa6
Rb8 15. b4 Nc4 16. Nd2 Nxd2 17. Bxd2 Bd6 18. Qd3 Rc8 19. Rac1 Rc4 20. Ne2 Qd7
21. Rxc4 dxc4 22. Qc2 Rc8 23. Nc3 Bf5 24. Qd1 Be7 25. Re1 Bf6 26. Be3 h6 27.
Qf3 Rd8 28. h3 Bxd4 29. Bxd4 Qxd4 30. Qxf5 Qxc3 31. Re7 Rf8 32. Rxa7 Qd4 33.
Rc7 Qd1+ 0-1

[Event "SR 1. liga zapad 2013/2014"]
[Site "?"]
[Date "2013.12.14"]
[Round "26.5"]
[White "Obona, Jan"]
[Black "Orgon, Dusan"]
[Result "1/2-1/2"]
[WhiteElo "2140"]
[BlackElo "2089"]
[PlyCount "32"]
[EventDate "2013.??.??"]
[WhiteTeam "SKS Povazska Bystrica"]
[BlackTeam "SKS Dubnica n/Vahom B"]

1. Nf3 d5 2. c4 e6 3. g3 c6 4. b3 f5 5. Bb2 Nf6 6. Bg2 Nbd7 7. O-O Bd6 8. d3
O-O 9. Nbd2 Qe7 10. Qc2 e5 11. cxd5 cxd5 12. Rac1 Nb6 13. a4 a5 14. e3 Bd7 15.
Qb1 Bc6 16. Rc2 Nbd7 1/2-1/2

[Event "SR 1. liga zapad 2013/2014"]
[Site "?"]
[Date "2013.12.14"]
[Round "26.6"]
[White "Pupak, Tomas"]
[Black "Kvassay, Peter"]
[Result "1/2-1/2"]
[WhiteElo "2016"]
[BlackElo "2042"]
[PlyCount "82"]
[EventDate "2013.??.??"]
[WhiteTeam "SKS Dubnica n/Vahom B"]
[BlackTeam "SKS Povazska Bystrica"]

1. Nf3 Nf6 2. g3 d5 3. Bg2 Bf5 4. d3 Nc6 5. O-O e5 6. c4 d4 7. b4 e4 8. dxe4
Bxe4 9. b5 Nb4 10. a3 Nc2 11. Ra2 d3 12. exd3 Qxd3 13. Ne5 Qd4 14. Qxd4 Nxd4
15. Bxe4 Nxe4 16. Re1 f5 17. f3 Bd6 18. fxe4 Bxe5 19. Rf2 O-O 20. exf5 Rae8 21.
Ref1 g6 22. Bh6 Rxf5 23. Rxf5 Nxf5 24. Bd2 Bd4+ 25. Kh1 Re2 26. Re1 Rf2 27. Bc3
Bc5 28. Nd2 Bxa3 29. Ne4 Rc2 30. Nf6+ Kf7 31. Ne4 Bb2 32. Ng5+ Kf8 33. Nxh7+
Kf7 34. Ng5+ Kf8 35. Ne6+ Kf7 36. Nd8+ Kf8 37. Ne6+ Kf7 38. Nd8+ Kf8 39. Ne6+
Kf7 40. Ng5+ Kf8 41. Ne6+ Kf7 1/2-1/2

[Event "SR 1. liga zapad 2013/2014"]
[Site "?"]
[Date "2013.12.14"]
[Round "26.7"]
[White "Capak, Stefan"]
[Black "Prasek, Ivan"]
[Result "0-1"]
[WhiteElo "2040"]
[BlackElo "1950"]
[PlyCount "92"]
[EventDate "2013.??.??"]
[WhiteTeam "SKS Povazska Bystrica"]
[BlackTeam "SKS Dubnica n/Vahom B"]

1. d4 Nf6 2. Nf3 g6 3. g3 Bg7 4. Bg2 O-O 5. O-O d6 6. c4 Nc6 7. Nc3 a6 8. Bg5
h6 9. Bd2 e5 10. d5 Nd4 11. e3 Nxf3+ 12. Bxf3 e4 13. Nxe4 Nxe4 14. Bxe4 Bxb2
15. Rb1 Bg7 16. Qc2 b6 17. Bg2 Bd7 18. e4 Qc8 19. Rbe1 f5 20. Qc1 Kh7 21. exf5
Rxf5 22. Re7 Qd8 23. Rfe1 Re5 24. R7xe5 dxe5 25. Bc3 Qh8 26. Be4 Bf5 27. Qc2
Rf8 28. Qb2 h5 29. Kg2 Rf7 30. h3 Qf8 31. Qe2 Bh6 32. Bxe5 Bxe4+ 33. Qxe4 Rxf2+
34. Kg1 Bd2 35. Rd1 Bb4 36. Bd4 Rf3 37. Kg2 Rf7 38. g4 Rf4 39. Qe2 h4 40. Rf1
Bd6 41. Be3 Qe7 42. Rf3 Re4 43. Qf2 Kg8 44. Bh6 Re2 45. Rf8+ Kh7 46. Rf7+ Kxh6
0-1

[Event "SR 1. liga zapad 2013/2014"]
[Site "?"]
[Date "2013.12.14"]
[Round "26.8"]
[White "Kutny, Marian 1968"]
[Black "Gombar, Peter"]
[Result "1/2-1/2"]
[WhiteElo "1932"]
[BlackElo "1972"]
[PlyCount "32"]
[EventDate "2013.??.??"]
[WhiteTeam "SKS Dubnica n/Vahom B"]
[BlackTeam "SKS Povazska Bystrica"]

1. e4 e5 2. Nf3 Nc6 3. Bb5 a6 4. Bxc6 dxc6 5. O-O Bg4 6. h3 h5 7. Re1 Qf6 8. d3
Ne7 9. Nbd2 Be6 10. Nf1 O-O-O 11. Kh1 g6 12. Qe2 Qg7 13. Qe3 Kb8 14. b4 f6 15.
a4 g5 16. N3h2 b6 1/2-1/2

[Event "SR 1. liga zapad 2013/2014"]
[Site "?"]
[Date "2013.12.14"]
[Round "27.1"]
[White "Maros, Milan"]
[Black "Gazik, Igor"]
[Result "1/2-1/2"]
[WhiteElo "2349"]
[BlackElo "2321"]
[PlyCount "104"]
[EventDate "2013.??.??"]
[WhiteTeam "NSK Nitra"]
[BlackTeam "SK Prievidza"]

1. e4 c5 2. Nf3 Nc6 3. d4 cxd4 4. Nxd4 g6 5. Nc3 Bg7 6. Be3 Nf6 7. Bc4 d6 8. h3
O-O 9. Bb3 a6 10. O-O Bd7 11. f4 b5 12. Re1 b4 13. Nd5 e6 14. Nxc6 Bxc6 15.
Nxf6+ Bxf6 16. Bd4 Bh4 17. Re3 a5 18. Qg4 a4 19. Bc4 d5 20. exd5 Bxd5 21. Bxd5
Qxd5 22. c3 Be7 23. Kh1 Rfd8 24. Re5 Qc4 25. f5 exf5 26. Rxf5 bxc3 27. bxc3 Rd5
28. Rf4 Qc6 29. Raf1 Rf8 30. Qf3 f5 31. Qe2 Bg5 32. R4f2 Re8 33. Qb2 Be3 34.
Re2 Bxd4 35. Rxe8+ Qxe8 36. cxd4 Qe4 37. Rd1 f4 38. Qc3 Rg5 39. Qd2 Rg3 40. Kh2
Re3 41. Qa5 Re2 42. Qd8+ Kg7 43. Qd7+ Kf6 44. Qd8+ Kf5 45. Qd7+ Kf6 46. Qd8+
Kg7 47. Qd7+ Qe7 48. Qxe7+ Rxe7 49. d5 Rd7 50. Rd4 a3 51. Rxf4 Rxd5 52. Rf3 Ra5
1/2-1/2